Szczegóły MARC21

Mówimy uprzejmie : poradnik językowego savoir-vivre'u /

003 -Nazwa inst., której nr kontr. jest w polu 001 [,]
    • @
    • Nazwa instytucji, której n kontrolny jest w polu 001
    • NUKAT
005 -DATA I CZAS OSTATNIEJ MODYFIKACJI [,]
    • @
    • pole kontrolne
    • 20241231111703.0
020 -Międzynarod. znormalizowany nr książki - ISBN [ , ]
    • a
    • Numer ISBN
    • 9788301171964 Find
040 -Instytucja sporządzająca opis [ , ]
    • a
    • Instytucja, która sporządziła opis (NP)
    • KIEL 010/TC
    • c
    • Instytucja, która sporządziła rekord (NP)
    • KIEL 010/TC
    • d
    • Instytucja, która zmodyfikowała rekord (P)
    • KIEL 010/TC
    • d
    • Instytucja, która zmodyfikowała rekord (P)
    • WR U/brks
    • d
    • Instytucja, która zmodyfikowała rekord (P)
    • WR 56/ms
    • d
    • Instytucja, która zmodyfikowała rekord (P)
    • POZN U/JŁs
942 -Rodzaj dokumentu [ , ]
    • c
    • Rodzaj dokumentu
    • Książka
100 -Hasło główne - nazwa osobowa [1, ]
    • a
    • Nazwa osobowa (NP)
    • Marcjanik, Małgorzata
    • d
    • Daty biograficzne (NP)
    • (1950- ).
    • 9
    • KHW
    • 54375
245 -Strefa tytułu i oznaczenia odpowiedzialności [1,0]
    • a
    • Tytuł
    • Mówimy uprzejmie : Find
    • b
    • Ciąg dalszy tytułu (NP)
    • poradnik językowego savoir-vivre'u / Find
    • c
    • Pozostałe elementy strefy tytułu i oznaczenia odpowiedzialności (NP)
    • Małgorzata Marcjanik ; oprac. Aleksandra Kubiak Sokół ; [il. Tomasz Wawer].
250 -Strefa wydania [ , ]
    • a
    • Oznaczenie wydania (NP)
    • Wyd. 1, dodr.
260 -Strefa adresu wydawniczego [ , ]
    • a
    • Miejsce wydania (P)
    • Warszawa :
    • b
    • Nazwa wydawcy (P)
    • Wydawnictw Naukowe PWN,
    • c
    • Data wydania (P)
    • dr. 2014.
300 -Strefa opisu fizycznego [ , ]
    • a
    • Określenie formy książki i/lub objętość (NP)
    • IX, [1], 235 s. :
    • b
    • Oznaczenie ilustracji (NP)
    • il. ;
    • c
    • Format (NP)
    • 21 cm.
336 -Typ zawartości [ , ]
    • a
    • Termin opisujący typ zawartości
    • Tekst
    • b
    • Kod określający zawartość
    • txt
    • 2
    • Źródło (terminu i kodu)
    • rdacontent
337 -Typ mediów [ , ]
    • a
    • Tryb odtwarzania
    • Bez urządzenia pośredniczącego
    • b
    • Kod typu mediów
    • n
    • 2
    • Źródło (terminu i kodu)
    • rdamedia
338 -Typ/rodzaj nośnika [ , ]
    • a
    • Hasło opisujące typ nośnika
    • Wolumin
    • b
    • Kod typu nośnika
    • nc
    • 2
    • Źródło (terminu i kodu)
    • rdacarrier
080 -Uniwersalna Klasyfikacja Dziesiętna [ , ]
    • 2
    • Identyfikator wydania tablic
    • UDC-P058
    • 9
    • UKD
    • 19914
    • a
    • Symbol klasyfikacji
    • 811.162.1'27
    • b
    • Dopowiedzenie
    • Język polski. - Socjolingwistyka. Stosowanie języka.
080 -Uniwersalna Klasyfikacja Dziesiętna [ , ]
    • 2
    • Identyfikator wydania tablic
    • UDC-P058
    • 9
    • UKD
    • 3984
    • a
    • Symbol klasyfikacji
    • 395
    • b
    • Dopowiedzenie
    • Etykieta. Obyczaje towarzyskie. Dobre maniery. Savoir-vivre.
650 -Hasło przedmiotowe [ ,7]
    • a
    • Hasło przedmiotowe
    • Język polski
    • x
    • Określnik rzeczowy
    • wyrażenia i zwroty
    • v
    • Określnik formalny
    • poradniki.
    • 2
    • Źródło terminu
    • kaba
    • 9
    • KHW
    • 587527
650 -Hasło przedmiotowe [ ,7]
    • a
    • Hasło przedmiotowe
    • Savoir-vivre
    • v
    • Określnik formalny
    • poradniki.
    • 2
    • Źródło terminu
    • kaba
    • 9
    • KHW
    • 381333
650 -Hasło przedmiotowe [ ,7]
    • a
    • Hasło przedmiotowe
    • Język polski
    • x
    • Określnik rzeczowy
    • zwroty grzecznościowe
    • v
    • Określnik formalny
    • poradniki.
    • 2
    • Źródło terminu
    • kaba
    • 9
    • KHW
    • 650537
980 -Symbol UKD [ , ]
    • a
    • UKD
    • 811.162.1'27:395
700 -Hasło dodatkowe - nazwa osobowa [1, ]
    • a
    • Nazwa osobowa (NP)
    • Kubiak-Sokół, Aleksandra. Find
    • e
    • Określenie rodzaju współpracy
    • Oprac.
    • 9
    • KHW
    • 69154
700 -Hasło dodatkowe - nazwa osobowa [1, ]
    • a
    • Nazwa osobowa (NP)
    • Wawer, Tomasz. Find
    • e
    • Określenie rodzaju współpracy
    • Il.
    • 9
    • KHW
    • 650389
710 -Hasło dodatkowe - nazwa ciała zbiorowego [2, ]
    • a
    • Nazwa ciała zbiorowego lub nazwa geograficzna jako pierwszy element (NP)
    • Wydawnictwo Naukowe PWN.
    • 4
    • Kod relacji
    • pbl
    • 9
    • KHW
    • 52648
920 -ISBN [ , ]
    • a
    • ISBN
    • 978-83-01-17196-4 Find
Data inwentaryzacji Lokalizacja Status udost. Numer inwentarzowy Sygnatura
2014-06-30BM1P.24490POL. Kultura języka polskiego 10